01541nam a2200385 a 4500001001200000003000800012006001900020007001500039008004100054010001700095020002500112020002700137040002100164035002100185043001200206050002700218082001400245100001700259245015300276260006300429300003000492504005100522533015200573650004800725650003700773650004000810650003500850650003800885650002100923650002200944655002900966710001700995856012601012999001701138ebr10740819CaPaEBRm o u cr cn|||||||||130423s2013 vauab sb 001 0 eng d z 2013014116 z9780784412497 (pbk.) z9780784476970 (e-book) aCaPaEBRcCaPaEBR a(OCoLC)855020342 aa-ja---14aTA654.6b.C4655 2013eb04a693.82231 aChock, Gary.10aTohoku, Japan, Earthquake and Tsunami of 2011h[electronic resource] :bperformance of structures under tsunami loads /cby Gary Chock ... [et al.]. aReston, Va. :bAmerican Society of Civil Engineers,c2013. avi, 359 p. :bill., maps. aIncludes bibliographical references and index. aElectronic reproduction.bPalo Alto, Calif. :cebrary,d2013.nAvailable via World Wide Web.nAccess may be limited to ebrary affiliated libraries. 0aTohoku Earthquake and Tsunami, Japan, 2011. 0aTsunami resistant designzJapan. 0aEarthquake resistant designzJapan. 0aStructural engineeringzJapan. 0aStructural analysis (Engineering) 0aTsunamiszJapan. 0aLoads (Mechanics) 7aElectronic books.2local2 aebrary, Inc.40uhttp://site.ebrary.com/lib/rucke/Doc?id=10740819zAn electronic book accessible through the World Wide Web; click to view c35335d35335